000 00467nam a2200157 i 4500
001 98243
003 ES-MaACL
005 20230906182236.0
007 t|
008 050727s1963 sp ||||1| spa d
100 1 _aMartí Bonastre, Isidro.
_977206
245 1 0 _aTu familia en peligro
_b: charlas prematrimoniales /
_cIsidro Martí Bonastre.
260 _aBarcelona :
_bEugenio Subirana,
_c1963.
300 _a94 p. ;
_c22 cm.
852 _aES-MaACL
_jC-25223
_bR.53832
999 _c98243
_d98243